00808cam a22002411a 4500001001300000003000400013005001700017008004100034010001700075035002000092040004300112041001600155050002100171100003100192240003600223245010000259260004900359300002100408500006200429505004300491700001700534999001500551af 48002547 DLC20260227110856.0930405s1946 gw 000 0 ger c aaf 48002547  a(OCoLC)27856119 aIllinois. Univ. LibrarycDeUdDeUdDLC1 agerhitafre00aPQ2366.M425bN641 aMonnier, Marc,d1827-1885.10aNouvelles napolitaines.lGerman10aNeapolitanische Novellen /cMarc Monnier : [Übersetzung aus dem Italienischen von Doris Pake] aReinbek bei Hamburg :bParus-Verlag,cc1946. a239 p. ;c19 cm. aOriginally published in French: Paris : A. Lemerre, 1879.0 aDonna Grazia -- Carmela -- Miss Orkan.1 aPake, Doris. c5079d5079